000 00754nam a22001817a 4500
999 _c371819
_d371819
008 201127b ||||| |||| 00| 0 eng d
040 _aDE-2950
_bger
_cDE-2950
_erda
041 _ager
245 _aStreit mit Polen um die Oder spitzt sich weiter zu.
_cDietrich Schröder
_bFischsterben. Regierungen machen sich gegenseitig Vorwürfe. Lemke fordert Stopp des Flussausbaus. Gipfeltreffen in Bad Saarow soll die Wogen glätten/
264 _c2022
653 _aFrankfurt (Oder)
653 _aFischsterben
773 _dFrankfurt (Oder) Märkisches Verlags- und Druckhaus GmbH & Co KG
_tMärkische Oderzeitung
_g33. Jahrgang (2022) Nr. 196 vom 23.08.2022, S. 1,
942 _cA